Theatre Support Policy in the Pandemic Times

Analýza politiky podpory divadiel zo strany Ministerstva kultúry SR, so štatistickým porovnaním činností divadiel podľa krajov pred a počas pandémie ochorenia COVID‑19 spôsobeného novým koronavírusom. Náhle poklesy príjmov ohrozujú finančnú udržateľnosť divadiel a majú za následok zníženie mzdových...

Celý popis

Uložené v:
Podrobná bibliografia
Hlavný autor: Kmety Barteková, Mária, 1992-
Médium: Kapitola
Jazyk:English
Predmet:
Tagy: Pridať tag
Žiadne tagy, Buďte prvý, kto otaguje tento záznam!

MARC

LEADER 00000naa$a2200000$$$4500
001 0280407
005 20240502074343.3
041 0 |a eng 
044 |a SK 
245 1 0 |a Theatre Support Policy in the Pandemic Times  |c Mária Kmety Barteková 
520 |a Analýza politiky podpory divadiel zo strany Ministerstva kultúry SR, so štatistickým porovnaním činností divadiel podľa krajov pred a počas pandémie ochorenia COVID‑19 spôsobeného novým koronavírusom. Náhle poklesy príjmov ohrozujú finančnú udržateľnosť divadiel a majú za následok zníženie mzdových príjmov či prepúšťanie, s dôsledkami pre hodnotový reťazec ich dodávateľov z kreatívnych aj nekreatívnych odvetví, pričom cieľom politiky podpory divadiel je pestovať, rozvíjať a šíriť divadelné umenie a budovať pozitívny vzťah verejnosti k divadelnému umeniu. Do roku 2018 bol identifikovaný vysoký nárast počtu divadiel v posledných rokoch, počet predstavení a návštevníkov divadiel však rástol pomalšie. 
610 2 0 |a priemysel kreatívny 
610 2 0 |a priemysel kultúrny 
610 2 0 |a pandémia 
610 2 0 |a koronakríza 
610 2 0 |a podpora štátna 
610 2 0 |a pomoc štátna 
610 2 0 |a ministerstvá 
610 2 0 |a Slovensko 
610 2 0 |a kraje 
100 1 |a Kmety Barteková, Mária, 1992-